000 00731nam a2200253Ia 4500
003 OSt
005 20220928112110.0
006 a|||||r|||| 00| 0
007 ta
008 220927b |||||||| |||| 00| 0 eng d
024 _a69392
037 _cTextual
040 _aSDCL
_cSDCL
_beng
041 _2eng
_aeng
082 _aY15, P2
100 _aDeutscher Penelope
_9426342
245 0 _aA politics of impossible difference
_b The later work of Luce Irigaray
260 _aIthaca
_bCornell University Press
_c2002
300 _aix,228p,Bib p215-224
_ccm.
650 _a Feminism
_9412879
650 _aFeminist theory
_9426343
942 _hY15, P2
_cTEXL
_2CC
999 _c743307
_d743307